<?xml version="1.0" encoding="UTF-8"?>
<record
    xmlns:xsi="http://www.w3.org/2001/XMLSchema-instance"
    xsi:schemaLocation="http://www.loc.gov/MARC21/slim http://www.loc.gov/standards/marcxml/schema/MARC21slim.xsd"
    xmlns="http://www.loc.gov/MARC21/slim">

  <leader>023530000a22003730004500</leader>
  <controlfield tag="003">LK-CoMWRAF</controlfield>
  <controlfield tag="008">230817t           ||||| |||| 00| 0 eng d</controlfield>
  <datafield tag="020" ind1=" " ind2=" ">
    <subfield code="a">9789551274320</subfield>
  </datafield>
  <datafield tag="040" ind1=" " ind2=" ">
    <subfield code="a">LK-CoMWRAF</subfield>
    <subfield code="d">LK-CoMWRAF</subfield>
    <subfield code="e">LK-CoMWRAF</subfield>
  </datafield>
  <datafield tag="041" ind1=" " ind2=" ">
    <subfield code="a">eng</subfield>
  </datafield>
  <datafield tag="082" ind1=" " ind2=" ">
    <subfield code="a">730</subfield>
    <subfield code="b">GLI</subfield>
  </datafield>
  <datafield tag="245" ind1=" " ind2=" ">
    <subfield code="a">Neth Maima (A Glimpse of the East)</subfield>
    <subfield code="b">Dakune Madyawedinge Negenehira Charikawa (Impressions of Southern Journalists) </subfield>
  </datafield>
  <datafield tag="250" ind1=" " ind2=" ">
    <subfield code="a">1st Edition</subfield>
  </datafield>
  <datafield tag="260" ind1=" " ind2=" ">
    <subfield code="b">National Peace Council</subfield>
    <subfield code="a">Sri Lanka (Colombo 06)</subfield>
    <subfield code="c">2007</subfield>
  </datafield>
  <datafield tag="300" ind1=" " ind2=" ">
    <subfield code="a">p.100</subfield>
  </datafield>
  <datafield tag="650" ind1=" " ind2=" ">
    <subfield code="a">A correct picture of the eastern crisis is necessary by Ven. Mawadavila Shantha Thero - Telwatte</subfield>
  </datafield>
  <datafield tag="650" ind1=" " ind2=" ">
    <subfield code="a">A society immune to bribery and corruption by Bandula Gunasekara (Journalist - Kamburupitiya)</subfield>
  </datafield>
  <datafield tag="650" ind1=" " ind2=" ">
    <subfield code="a">Change of attitude necessary towards the ceasefire agreement by P.D. Liyanage by (Correspondent - Matara)</subfield>
  </datafield>
  <datafield tag="650" ind1=" " ind2=" ">
    <subfield code="a">Civilian life in Trincomalee squashed by separatism, Shantha Mahindapala (Field Coordinator - National Peace Council)</subfield>
  </datafield>
  <datafield tag="650" ind1=" " ind2=" ">
    <subfield code="a">Fight for Peace by M.P. Chandrapala (Correspondent, Lankadeepa - Tangalle)</subfield>
  </datafield>
  <datafield tag="650" ind1=" " ind2=" ">
    <subfield code="a">If solidarity is to be ensured by Ariyadasa Kodituwakku (Correspondent, Lankadeepa - Tangalle)</subfield>
  </datafield>
  <datafield tag="650" ind1=" " ind2=" ">
    <subfield code="a">Keeping space for freedom and Peace by T.K. Sugathadasa (Correspondent - Malimbada)</subfield>
  </datafield>
  <datafield tag="650" ind1=" " ind2=" ">
    <subfield code="a">My experience during the Eastern tour - D.J. Wijesinghe (Journalist - Elpitiya)</subfield>
  </datafield>
  <datafield tag="650" ind1=" " ind2=" ">
    <subfield code="a">Peace without Peace by L.Y. Sujith Kumara (Journalist)</subfield>
  </datafield>
  <datafield tag="650" ind1=" " ind2=" ">
    <subfield code="a">Southern journalist four day observation tour of Trincomalee by Asoka Chandrasena (Correspondent - Matara)</subfield>
  </datafield>
  <datafield tag="650" ind1=" " ind2=" ">
    <subfield code="a">The Barbaric War - Ven. Morahela Sumanaransi Maha Thero - Uragasmanhandiya</subfield>
  </datafield>
  <datafield tag="650" ind1=" " ind2=" ">
    <subfield code="a">The Eastern Population still afflicted by the ill-effects of the War by Jayatissa Tennekoon</subfield>
  </datafield>
  <datafield tag="650" ind1=" " ind2=" ">
    <subfield code="a">The Kuchchiaveli - A poor villege by Justin Kodikara - Matara</subfield>
  </datafield>
  <datafield tag="650" ind1=" " ind2=" ">
    <subfield code="a">The People of the East suffering in the face of disparity in the distribution of Tsunami relief by W.P. Dharmasena (Journalist - Matara)</subfield>
  </datafield>
  <datafield tag="650" ind1=" " ind2=" ">
    <subfield code="a">The tour of the east by southern jounalists, Lasantha Wijayarathna (Editor-in-chief - Dakshina Lanka)</subfield>
  </datafield>
  <datafield tag="650" ind1=" " ind2=" ">
    <subfield code="a">Withdrawal of security forces from Trincomalee by K.W. Gunawardene (Correspondent - Akuressa)</subfield>
  </datafield>
  <datafield tag="650" ind1=" " ind2=" ">
    <subfield code="a">Women of Kinniya by S. Dharmalingam (Field Coordinator - National Peace Council)  </subfield>
  </datafield>
  <datafield tag="942" ind1=" " ind2=" ">
    <subfield code="c">BK</subfield>
  </datafield>
  <datafield tag="952" ind1=" " ind2=" ">
    <subfield code="0">0</subfield>
    <subfield code="1">0</subfield>
    <subfield code="4">0</subfield>
    <subfield code="7">0</subfield>
    <subfield code="a">MAIN</subfield>
    <subfield code="b">MAIN</subfield>
    <subfield code="d">2023-08-17</subfield>
    <subfield code="l">0</subfield>
    <subfield code="o">730 GLI</subfield>
    <subfield code="p">RAF4444</subfield>
    <subfield code="r">2023-08-17</subfield>
    <subfield code="w">2023-08-17</subfield>
    <subfield code="y">BK</subfield>
  </datafield>
  <datafield tag="999" ind1=" " ind2=" ">
    <subfield code="c">2098</subfield>
    <subfield code="d">2098</subfield>
  </datafield>
</record>
